000 00844nam a2200265 a 4500
001 30458
003 BD-RjUL
005 20211209051551.0
008 140410s1924 enk 000 0 eng d
035 _a(BD-RjUL) 30544
040 _aKSU
_beng
_cBD-RjUL
_dBD-RjUL
041 _aeng
082 0 0 _a302.15
_bMCE 1924
100 1 _aMcDougall, William,
_d1871-1938.
_986718
245 1 0 _aEthics and some modern world problems /
_cby Willam McDougall
260 _aLondon :
_bMethuen,
_c1924.
300 _axv, 240p. ;
_c23 cm
500 _aThe N. W. Harris lectures, given annually at Northwestern university
650 0 _aSocial ethics
_95055
650 0 _aEthics
_992561
650 0 _aInternational law.
_992562
711 0 _aHarris, N. W., lectures
_c(Northwestern University, Evanston, Ill.)
_992563
942 _2ddc
_cBK
999 _c30458
_d30458